United Nations voluntary funds administered by the United Nations High Commissioner for Refugees, finacial report and audited financial statements, for year ended 31st December, 2006 and report of the Board of Auditors (Record no. 60862)

MARC details
000 -LEADER
fixed length control field 00959nam a2200169 a 4500
008 - FIXED-LENGTH DATA ELEMENTS--GENERAL INFORMATION
fixed length control field 100415s2007 ||||||||||||||||| || u
050 ## - LIBRARY OF CONGRESS CALL NUMBER
Classification number UNO(058)GAOR/62/5E
110 ## - MAIN ENTRY--CORPORATE NAME
Corporate name or jurisdiction name as entry element United Nations Organisation (UNO)
245 10 - TITLE STATEMENT
Title United Nations voluntary funds administered by the United Nations High Commissioner for Refugees, finacial report and audited financial statements, for year ended 31st December, 2006 and report of the Board of Auditors
Statement of responsibility, etc. United Nations
260 ## - PUBLICATION, DISTRIBUTION, ETC.
Place of publication, distribution, etc. New York
Name of publisher, distributor, etc. United Nations
Date of publication, distribution, etc. 2007
300 ## - PHYSICAL DESCRIPTION
Extent vii, 110p. ;ill.
350 ## - PRICE (NR) (BK AM CF MU VM SE) [OBSOLETE]
Price 0.00
490 ## - SERIES STATEMENT
Series statement General Assembly Official Records
500 ## - GENERAL NOTE
General note Report of the Board of Auditors General Assembly Official records. Sixty-Second session. Supplement No. 5E
650 ## - SUBJECT ADDED ENTRY--TOPICAL TERM
Topical term or geographic name entry element FINANCIAL REPORTING--UNITED NATIONS POPULATION FUND
995 ## - RECOMMENDATION 995 [LOCAL, UNIMARC FRANCE]
-- 0.00
-- CBU-MAIN LIBRARY (Kitwe)
-- 1
-- 0.00
-- 1
-- AVAILABLE
-- Apr 15, 2010
-- International Publications
Holdings
Withdrawn status Lost status Source of classification or shelving scheme Damaged status Not for loan Home library Current library Shelving location Date acquired Total Checkouts Full call number Barcode Date last seen Price effective from Koha item type
          CBU-MAIN LIBRARY, KITWE. CBU-MAIN LIBRARY, KITWE.   11/30/2022   UNO(058)GAOR/62/5E 03006192 11/30/2022 11/30/2022 MONOGRAPH